Численное моделирование горения и самовоспламенения двухфазных химически реагирующих течений с впрысками; Известия Томского политехнического университета [Известия ТПУ]; Т. 315. № 4: Энергетика
| Parent link: | Известия Томского политехнического университета [Известия ТПУ]/ Томский политехнический университет (ТПУ).— , 2000- Т. 315. № 4: Энергетика.— 2009.— [С. 5-9] |
|---|---|
| Další autoři: | , , , |
| Shrnutí: | Заглавие с титульного листа Электронная версия печатной публикации Проведено исследование дисперсии впрыска и влияния впрыскиваемой массы жидкого топлива на самовоспламенение и горение в камере сгорания на основе решения дифференциальных уравнений турбулентного реагирующего течения. Получены распределения капель по размерам, полей средней температуры при горении топлива с различными начальными массами. В работе использована глобальная модель химических реакций, учитывающая образование сажи при горении жидких топлив. |
| Jazyk: | ruština |
| Vydáno: |
2009
|
| Edice: | Энергетика |
| Témata: | |
| On-line přístup: | http://www.lib.tpu.ru/fulltext/v/Bulletin_TPU/2009/v315/i4/01.pdf |
| Médium: | Elektronický zdroj Kapitola |
| KOHA link: | https://koha.lib.tpu.ru/cgi-bin/koha/opac-detail.pl?biblionumber=176973 |
MARC
| LEADER | 00000nla2a2200000 4500 | ||
|---|---|---|---|
| 001 | 176973 | ||
| 005 | 20231031165442.0 | ||
| 035 | |a (RuTPU)RU\TPU\book\191879 | ||
| 035 | |a RU\TPU\book\190907 | ||
| 090 | |a 176973 | ||
| 100 | |a 20100310d2009 k y0rusy50 ca | ||
| 101 | 0 | |a rus | |
| 102 | |a RU | ||
| 135 | |a drnn ---uucaa | ||
| 181 | 0 | |a i | |
| 182 | 0 | |a b | |
| 200 | 1 | |a Численное моделирование горения и самовоспламенения двухфазных химически реагирующих течений с впрысками |b Электронный ресурс |f А. С. Аскарова [и др.] | |
| 203 | |a Текст |c электронный | ||
| 215 | |a 1 файл (409 Кб) | ||
| 225 | 1 | |a Энергетика | |
| 230 | |a Электронные текстовые данные (1 файл : 409 Кб) | ||
| 300 | |a Заглавие с титульного листа | ||
| 300 | |a Электронная версия печатной публикации | ||
| 320 | |a [Библиогр.: с. 9 (10 назв.)] | ||
| 330 | |a Проведено исследование дисперсии впрыска и влияния впрыскиваемой массы жидкого топлива на самовоспламенение и горение в камере сгорания на основе решения дифференциальных уравнений турбулентного реагирующего течения. Получены распределения капель по размерам, полей средней температуры при горении топлива с различными начальными массами. В работе использована глобальная модель химических реакций, учитывающая образование сажи при горении жидких топлив. | ||
| 337 | |a Adobe Reader | ||
| 461 | 1 | |0 (RuTPU)RU\TPU\book\176237 |t Известия Томского политехнического университета [Известия ТПУ] |f Томский политехнический университет (ТПУ) |d 2000- | |
| 463 | 1 | |0 (RuTPU)RU\TPU\book\191878 |t Т. 315. № 4: Энергетика |v [С. 5-9] |d 2009 |p 179 с. | |
| 610 | 1 | |a численное моделирование | |
| 610 | 1 | |a химическая кинетика | |
| 610 | 1 | |a горение | |
| 610 | 1 | |a впрыскивание | |
| 610 | 1 | |a жидкое топливо | |
| 610 | 1 | |a камеры сгорания | |
| 610 | 1 | |a самовоспламенение | |
| 610 | 1 | |a сажа | |
| 610 | 1 | |a двухфазные течения | |
| 610 | 1 | |a электронный ресурс | |
| 701 | 1 | |a Аскарова |b А. С. | |
| 701 | 1 | |a Гороховски |b М. А. | |
| 701 | 1 | |a Рыспаева |b М. Ж. | |
| 701 | 1 | |a Волошина |b И. Э. | |
| 801 | 1 | |a RU |b 63413507 |c 20090623 |g PSBO | |
| 801 | 2 | |a RU |b 63413507 |c 20211216 |g PSBO | |
| 856 | 4 | |u http://www.lib.tpu.ru/fulltext/v/Bulletin_TPU/2009/v315/i4/01.pdf | |
| 942 | |c CF | ||